Vista normal
Vista MARC
Entrada Personal Name
Número de registros utilizados en: 4
001 - CONTROL NUMBER
- control field: 17241
003 - CONTROL NUMBER IDENTIFIER
- control field: DLC
005 - DATE AND TIME OF LATEST TRANSACTION
- control field: 20250623130058.0
008 - FIXED-LENGTH DATA ELEMENTS
- fixed length control field: 781102n| azannaabn |b aaa
010 ## - LIBRARY OF CONGRESS CONTROL NUMBER
- LC control number: n 78080924
024 7# - OTHER STANDARD IDENTIFIER
- Standard number or code: 0000000120984340
- Source of number or code: isni
035 ## - SYSTEM CONTROL NUMBER
- System control number: (OCoLC)oca00216229
040 ## - CATALOGING SOURCE
- Original cataloging agency: DLC
- Language of cataloging: spa
- Description conventions: rda
- Transcribing agency: Mx-PuUPA
- Modifying agency: DLC
- Modifying agency: OCoLC
- Modifying agency: DLC
- Modifying agency: NL-TiUL
- Modifying agency: DLC
- Modifying agency: MdRoLAC
- Modifying agency: GVaS
- Modifying agency: MdRoLAC
- Modifying agency: Mx-PuUPA
046 ## - SPECIAL CODED DATES
- Birth date: 19090203
- Death date: 19430824
- Source of date scheme: edtf
053 #0 - LC CLASSIFICATION NUMBER
- Classification number element--single number or beginning number of span: PQ2645.E24
100 1# - HEADING--PERSONAL NAME
- Personal name: Weil, Simone,
- Dates associated with a name: 1909-1943
370 ## - ASSOCIATED PLACE
- Place of birth: Paris (Francia)
- Place of death: Ashford (Kent, Inglaterra)
- Associated country: Francia
- Source of term: naf
372 ## - FIELD OF ACTIVITY
- Field of activity: Filosofía
- Field of activity: Psicología social
- Source of term: lcsh
374 ## - OCCUPATION
- Occupation: Filósofo
- Occupation: Místico
- Occupation: Activista político
- Occupation: Autor
- Source of term: lcsh
375 ## - GENDER
- Gender: hombre
377 ## - ASSOCIATED LANGUAGE
- Language code: fre
378 ## - FULLER FORM OF PERSONAL NAME
- Fuller form of personal name: Simone Adolphine
400 1# - SEE FROM TRACING--PERSONAL NAME
- Personal name: וייל, סימון,
- Dates associated with a name: 1909־1943
400 1# - SEE FROM TRACING--PERSONAL NAME
- Personal name: Weil, Simone Adolphine,
- Dates associated with a name: 1909-1943
670 ## - SOURCE DATA FOUND
- Source citation: L'enracinement ... 1949:
- Information found: t.p. (Simone Weil)
670 ## - SOURCE DATA FOUND
- Source citation: Wikipedia, viewed August 11, 2020
- Information found: (Simone Weil: Simone Adolphine Weil, born February 3, 1909 in Paris, died August 24, 1943 in Ashford, England; philosopher, mystic, and political activist)
- Uniform Resource Identifier: https://en.wikipedia.org/wiki/Simone_Weil
670 ## - SOURCE DATA FOUND
- Source citation: The literary afterlives of Simone Weil, 2024
670 ## - SOURCE DATA FOUND
- Source citation: Dharma and detachment, 2025:
- Information found: CIP title page (Simone Weil)